| 000 | 00628nam a2200217 i 4500 | ||
|---|---|---|---|
| 001 | 110216 | ||
| 003 | ES-MaACL | ||
| 005 | 20260321063014.0 | ||
| 007 | t| | ||
| 008 | 061121s1972 sp |||| | spa d | ||
| 080 | _a821.111(73)-31"19" | ||
| 100 | 1 |
_aO'Connor, Flannery, _d1925-1964 _986305 |
|
| 245 | 1 | 4 |
_aLas dulzuras del hogar / _cFlannery O'Connor. |
| 260 |
_aBarcelona : _bLumen, _c1972. |
||
| 300 |
_a281 p. ; _c19 cm. |
||
| 490 | 1 |
_aPalabra en el tiempo ; _v31 |
|
| 830 | 0 |
_aPalabra en el tiempo ; _v31 _9177857 |
|
| 852 |
_aES-MaACL _jC-54407 |
||
| 852 |
_aES-MaACL _jC-51487 |
||
| 999 |
_c110216 _d110216 |
||